Statistics for Swansea City Squad 2015-2016

Click here to take the quiz!

General Stats

  • This quiz has been taken 5 times
  • The average score is 15 of 33

Answer Stats

#PositionNationPlayer% Correct
1GKPolandŁukasz Fabiański
100%
10FWGhanaAndré Ayew
80%
22DFSpainÁngel Rangel
80%
23MFIcelandGylfi Sigurðsson
80%
2DFIndonesiaJordi Amat
80%
8MFNetherlandsLeroy Fer
80%
4MFSouth KoreaSung-yueng Ki
80%
6DFWalesAshley Williams
60%
33DFArgentinaFederico Fernández
60%
-CoachItalyFrancesco Guidolin
60%
20FWEcuadorJefferson Montero
60%
58FWGambiaModou Barrow
60%
9FWItalyAlberto Paloschi
40%
18FWFranceBafétimbi Gomis
40%
17FWPortugalÉder
40%
14DFFranceFranck Tabanou
40%
-CoachEnglandGarry Monk
40%
25GKGermanyGerhard Tremmel
40%
8MFEnglandJonjo Shelvey
40%
26DFEnglandKyle Naughton
40%
3DFWalesNeil Taylor
40%
-CoachWalesAlan Curtis
20%
24MFEnglandJack Cork
20%
56MFScotlandJay Fulton
20%
46FWCuraçaoKenji Gorré
20%
13GKSwedenKristoffer Nordfeldt
20%
27DFEnglandKyle Bartley
20%
7MFEnglandLeon Britton
20%
32DFWalesLiam Shephard
20%
11FWNetherlandsMarvin Emnes
20%
21MFEnglandMatt Grimes
20%
35DFScotlandStephen Kingsley
20%
15FWEnglandWayne Routledge
20%

Score Distribution

Percentile by Number Answered

Percent of People with Each Score

Your Score History

You have not taken this quiz